Industrial hydraulics (Record no. 7178)

000 -LEADER
fixed length control field 00551nam a2200205 i 4500
001 - CONTROL NUMBER
control field 7178
003 - CONTROL NUMBER IDENTIFIER
control field BD-DhUET
008 - FIXED-LENGTH DATA ELEMENTS--GENERAL INFORMATION
fixed length control field 780705s1979 nyua 001 0 eng
020 ## - INTERNATIONAL STANDARD BOOK NUMBER
International Standard Book Number 070664773
040 ## - CATALOGING SOURCE
Original cataloging agency DLC
Transcribing agency DLC
Modifying agency BD-DhUET
082 00 - DEWEY DECIMAL CLASSIFICATION NUMBER
Classification number 621.2
Item number PIP/1980
100 1# - MAIN ENTRY--PERSONAL NAME
Personal name Pippenger, John J.
245 10 - TITLE STATEMENT
Title Industrial hydraulics
Statement of responsibility, etc. by John J. Pippenger and Tyler G. Hicks
250 ## - EDITION STATEMENT
Edition statement 3d ed.
260 ## - PUBLICATION, DISTRIBUTION, ETC. (IMPRINT)
Place of publication, distribution, etc. New York
Name of publisher, distributor, etc. McGraw-Hill
Date of publication, distribution, etc. 1980
300 ## - PHYSICAL DESCRIPTION
Extent vi, 440 p.
Other physical details ill.
Dimensions 25 cm.
650 #0 - SUBJECT ADDED ENTRY--TOPICAL TERM
Topical term or geographic name as entry element Hydraulic machinery
700 ## - ADDED ENTRY--PERSONAL NAME
Personal name Hicks, Tyler G.
942 ## - ADDED ENTRY ELEMENTS (KOHA)
Koha item type General Book
Holdings
Koha normalized classification for sorting Copy number Damaged status Withdrawn status Price effective from Source of classification or shelving scheme Sublocation or collection (holding branch) Date acquired Not for loan Koha date last seen Koha item type Shelving location Piece designation (barcode) Location (home branch) Lost status Koha full call number
621_200000000000000_PIP19804  2014-12-07 Central Library, BUET2014-12-07 2014-12-07Contented Book Circulation section59770Central Library, BUET 621.2 /PIP/1980
621_200000000000000_PIP19805  2014-12-07 Central Library, BUET2014-12-07 2014-12-07Contented Book Circulation section59771Central Library, BUET 621.2 /PIP/1980
621_200000000000000_PIP19806  2014-12-07 Central Library, BUET2014-12-07 2014-12-07Contented Book Circulation section59772Central Library, BUET 621.2 /PIP/1980
621_200000000000000_PIP19801  2014-12-07 Central Library, BUET2014-12-07 2014-12-07Contented Book Circulation section56769Central Library, BUET 621.2 /PIP/1980
621_200000000000000_PIP19807  2014-12-07 Central Library, BUET2014-12-07 2014-12-07Contented Book Circulation section59773Central Library, BUET 621.2 /PIP/1980
621_200000000000000_PIP198010  2014-12-07 Central Library, BUET2014-12-07 2014-12-07Contented Book Circulation section59776Central Library, BUET 621.2 /PIP/1980
621_200000000000000_PIP19802  2014-12-07 Central Library, BUET2014-12-07 2014-12-07Contented Book Circulation section56770Central Library, BUET 621.2 /PIP/1980
621_200000000000000_PIP19809  2014-12-07 Central Library, BUET2014-12-07 2014-12-07Contented Book Circulation section59775Central Library, BUET 621.2 /PIP/1980
621_200000000000000_PIP19809  2014-12-07 Central Library, BUET2014-12-07 2014-12-07Contented Book Circulation section59769Central Library, BUET 621.2 /PIP/1980
621_200000000000000_PIP198011  2014-12-07 Central Library, BUET2014-12-07 2014-12-07Contented Book Circulation section59777Central Library, BUET 621.2 /PIP/1980
621_200000000000000_PIP_198012  2015-06-16 Central Library, BUET2015-06-16 2015-06-16Reading ItemReading section59778Central Library, BUET 621.2/PIP/1980